[Event "American Continental Blitz 18th"]
[Site "Medellin"]
[Date "2024.05.29"]
[Round "2"]
[White "Alvarez, Pablo Andres"]
[Black "Osorio Ruiz, Juan Carlos"]
[Result "1-0"]
[WhiteElo "2069"]
[BlackElo "1785"]
[PlyCount "89"]
[EventDate "2024.05.29"]
[EventType "swiss (blitz)"]
[EventRounds "9"]
[EventCountry "COL"]
[SourceTitle "CB23_2024"]
[SourceDate "2024.06.05"]
[SourceVersion "1"]
[SourceVersionDate "2024.06.05"]
[SourceQuality "1"]

1. c4 e6 2. e4 d5 3. cxd5 exd5 4. exd5 Nf6 5. Nf3 Nxd5 6. Bc4 Be6 7. Qb3 Nc6 8. Qxb7 Na5 9. Bb5+ c6 10. Bxc6+ Nxc6 11. Qxc6+ Ke7 12. b3 Rc8 13. Ba3+ Kf6 14. Bb2+ Kg6 15. Ne5+ Kf5 16. Qb5 Rc5 17. Qd3+ Kg5 18. Qg3+ Kh5 19. Qf3+ Kh6 20. 0-0 Qg5 21. d4 Rc2 22. Nc3 Nf4 23. Ne4 Ne2+ 24. Kh1 Qh5 25. Qe3+ g5 26. Bc1 Be7 27. Ng3 Qh4 28. Nxe2 Rhc8 29. Nf3 Qh5 30. Ng3 Qg6 31. Bd2 Bd6 32. Nh4 Qf6 33. Ne4 Qe7 34. Nxg5 Kg7 35. Ne4 Kf8 36. Qh6+ Ke8 37. Nxd6+ Qxd6 38. Bf4 Qxd4 39. Bg5 Qe4 40. Qf6 Bd5 41. f3 Qe6 42. Rae1 Re2 43. Rxe2 Qxe2 44. Rg1 Kd7 45. Nf5 1-0

[Event "American Continental 18th"]
[Site "Medellin"]
[Date "2024.05.24"]
[Round "1"]
[White "Osorio Ruiz, Juan Carlos"]
[Black "Campos, Maria Jose"]
[Result "0-1"]
[WhiteElo "1785"]
[BlackElo "2214"]
[PlyCount "104"]
[EventDate "2024.05.24"]
[EventType "swiss"]
[EventRounds "11"]
[EventCountry "COL"]
[SourceTitle "CB23_2024"]
[SourceDate "2024.06.05"]
[SourceVersion "1"]
[SourceVersionDate "2024.06.05"]
[SourceQuality "1"]

1. e4 e5 2. Nf3 Nc6 3. Bb5 a6 4. Ba4 Nf6 5. d3 d6 6. c3 g6 7. 0-0 Bg7 8. Qe2 0-0 9. Rd1 Re8 10. Nbd2 b5 11. Bb3 Na5 12. Bc2 c5 13. Nf1 d5 14. h3 Nc6 15. Ng3 d4 16. a3 h6 17. Bb3 Be6 18. Bxe6 Rxe6 19. cxd4 Nxd4 20. Nxd4 cxd4 21. Bd2 Rc6 22. Rac1 Rac8 23. Rxc6 Rxc6 24. Rc1 Rxc1+ 25. Bxc1 Qc7 26. Qd1 Nd7 27. Bd2 h5 28. Ne2 Bf8 29. a4 Qc6 30. axb5 Qxb5 31. Qc2 a5 32. Kf1 Nc5 33. Nc1 Nxe4 34. Ke1 Nc5 35. b3 a4 36. bxa4 Nxa4 37. Qb3 Qc6 38. Qb8 Nc5 39. Qxe5 Qxg2 40. Qxd4 Ne6 41. Qh4 Bd6 42. Nb3 Be5 43. Qe4 Qg1+ 44. Ke2 Qh2 45. d4 Qxh3 46. Qxe5 Qxb3 47. d5 Qc4+ 48. Kd1 Nd4 49. Qe8+ Kg7 50. Qe5+ Kh7 51. Qf4 Qf1+ 52. Be1 Qe2+ 0-1

[Event "Medellin de La Raza U2000 op"]
[Site "Medellin"]
[Date "2023.10.14"]
[Round "4"]
[White "Osorio Ruiz, Juan Carlos"]
[Black "Hoyos Lozano, Donis"]
[Result "1-0"]
[WhiteElo "1669"]
[BlackElo "1311"]
[PlyCount "57"]
[EventDate "2023.10.12"]
[EventType "swiss"]
[EventRounds "9"]
[EventCountry "COL"]
[SourceTitle "Mega2024 Update 01"]
[Source "Chessbase"]
[SourceDate "2023.11.12"]
[SourceVersion "1"]
[SourceVersionDate "2023.11.12"]
[SourceQuality "1"]

1. e4 Nc6 2. Nf3 e5 3. Bb5 d6 4. d4 Bd7 5. Be3 Nce7 6. Bc4 Ng6 7. Ng5 Be6 8. Nxe6 fxe6 9. Bxe6 Qe7 10. d5 Nf6 11. Nd2 c6 12. c4 Qc7 13. 0-0 Be7 14. b4 Rf8 15. f4 exf4 16. Bxf4 Nd7 17. Be3 Bf6 18. Rc1 Nde5 19. Qe2 b6 20. c5 Rb8 21. cxb6 axb6 22. dxc6 Ke7 23. Bd5 h6 24. Nb3 Nf7 25. Qg4 Nfe5 26. Qe6+ Kd8 27. Nd4 Ne7 28. Qh3 Ke8 29. Nb5 1-0

[Event "Medellin Antioquia-ch"]
[Site "Medellin"]
[Date "2023.04.25"]
[Round "5"]
[White "Osorio Ruiz, Juan Carlos"]
[Black "Lopez, Juan E"]
[Result "1/2-1/2"]
[WhiteElo "1475"]
[BlackElo "1676"]
[PlyCount "45"]
[EventDate "2023.04.18"]
[EventType "swiss"]
[EventRounds "7"]
[EventCountry "COL"]
[SourceTitle "EXT 2024"]
[Source "ChessBase"]
[SourceDate "2023.10.10"]
[SourceVersion "1"]
[SourceVersionDate "2023.10.10"]
[SourceQuality "1"]

1. e4 e5 2. Nf3 Nc6 3. Bb5 Bc5 4. c3 f5 5. d3 fxe4 6. dxe4 Nf6 7. Qd3 d6 8. 0-0 0-0 9. Bg5 Qe8 10. Nbd2 Qg6 11. Bc4+ Kh8 12. b4 Bb6 13. Kh1 Nh5 14. Be3 Nf4 15. Nh4 Qh5 16. Bxf4 Rxf4 17. g3 Rf6 18. Qe2 Bg4 19. f3 Bh3 20. a4 a5 21. b5 Ne7 22. Rfe1 Raf8 23. Ng2 1/2-1/2

[Event "Medellin Antioquia-ch"]
[Site "Medellin"]
[Date "2023.04.19"]
[Round "2"]
[White "Ortiz Valencia, Sofia"]
[Black "Osorio Ruiz, Juan Carlos"]
[Result "0-1"]
[WhiteElo "1164"]
[BlackElo "1475"]
[PlyCount "35"]
[EventDate "2023.04.18"]
[EventType "swiss"]
[EventRounds "7"]
[EventCountry "COL"]
[SourceTitle "EXT 2024"]
[Source "ChessBase"]
[SourceDate "2023.10.10"]
[SourceVersion "1"]
[SourceVersionDate "2023.10.10"]
[SourceQuality "1"]

1. e4 e6 2. Nf3 d5 3. exd5 exd5 4. d4 Bd6 5. Nc3 Ne7 6. Be2 h6 7. 0-0 c6 8. h3 Bf5 9. Re1 0-0 10. Bd3 Qd7 11. Bxf5 Qxf5 12. Re2 Nd7 13. Qe1 Ng6 14. Qd1 Nf4 15. Bxf4 Qxf4 16. Rb1 Rae8 17. Qd3 Nf6 18. Rxe8 0-1

[Event "Sabaneta op-B 1st"]
[Site "Sabaneta"]
[Date "2022.11.29"]
[Round "7"]
[White "Osorio Ruiz, Juan Carlos"]
[Black "Chicacausa, Carlos Andres"]
[Result "0-1"]
[WhiteElo "1404"]
[BlackElo "1415"]
[PlyCount "63"]
[EventDate "2022.11.25"]
[EventType "swiss"]
[EventRounds "8"]
[EventCountry "COL"]
[SourceTitle "CBM 211 Extra"]
[Source "ChessBase"]
[SourceDate "2023.01.31"]
[SourceVersion "1"]
[SourceVersionDate "2023.01.31"]
[SourceQuality "1"]

1. e4 e6 2. d4 d5 3. Nd2 c5 4. c3 Nc6 5. Bd3 cxd4 6. cxd4 Nxd4 7. Qa4+ Nc6 8. Ngf3 Bd7 9. exd5 exd5 10. 0-0 Be7 11. Re1 Nf6 12. Nb3 0-0 13. Bg5 Nb4 14. Bb5 Bxb5 15. Qxb5 Nc2 16. Qxb7 Nxe1 17. Rxe1 Re8 18. Ne5 Bd6 19. Qxf7+ Kh8 20. f4 Re7 21. Bxf6 Qb6+ 22. Kh1 Rxf7 23. Nxf7+ Kg8 24. Bd4 Qb4 25. Bc3 Qxf4 26. Nxd6 Qxd6 27. a3 Qf4 28. Nd4 Rf8 29. g3 Qf2 30. a4 Rc8 31. Rd1 Rc4 32. Be1 0-1